00389nam a2200109Ia 4500008004100000041000800041100002000049245013100069260003700200300000900237700003300246250110s9999 xx 000 0 und d aeng aGolwala Yashita aEvaluating Role OF Insulation Materials In Building Thermal Performance As Against Traditional Building Construction Materials bM.Arch Environmental, Punec2013 a160p aGuide Name:Dhamankar Namrata